000 00211nam a2200085Ia 4500
008 120527s9999 xx 000 0 und d
100 _aEdmonston, E
245 _aConceptual and investigative Appproach
942 _cBK
999 _c27620
_d27620